| 000 | 00423ntaaa2200181 4500 | ||
|---|---|---|---|
| 003 | 01 | ||
| 005 | 20251027201848.0 | ||
| 008 | 0714s1973 ag 01 | ||
| 040 |
_aAR-BaBN _bspa _cAR-BaBN _eaacr _dRIC |
||
| 082 | _a248.2000 B54 | ||
| 100 |
_aBitchmaya, Michael _915040 |
||
| 245 | _aO crente | ||
| 250 | _a1 ed. | ||
| 260 |
_aSao Paulo, _c1959 |
||
| 300 | _a417 p | ||
| 500 | _aEstudio de la vida del creyente | ||
| 942 | _cBK | ||
| 999 |
_c13300 _d13300 |
||